000 00385nam a2200145Ia 4500
008 260330s9999 xx 000 0 und d
020 _a9.7881219409e+012
082 _a658.4034
_bTUL/T
100 _aTulsian, P.C.
245 0 _aTulsian's Fundamentals of Operations Research
250 _a1st
260 _aNew Delhi
_bS.Chand And Company Ltd
_c2012
300 _aA.28p.
942 _cBK
999 _c53327
_d53327